Biología de Villee
Bewaard in:
| Hoofdauteurs: | , , , |
|---|---|
| Formaat: | Boek |
| Taal: | Spaans |
| Gepubliceerd in: |
Ciudad de México
McGraw-Hill Interamericana
1998
|
| Editie: | 4a. ed |
| Onderwerpen: | |
| Tags: |
Voeg label toe
Geen labels, Wees de eerste die dit record labelt!
|
MARC
| LEADER | 00000nam a2200000 a 4500 | ||
|---|---|---|---|
| 001 | UCM4108 | ||
| 003 | CL-VaPUC | ||
| 008 | 020726e19980000MX |||||||||||||||||spa|d | ||
| 082 | 0 | 4 | |a 570 |b SOL |2 21 |
| 100 | 0 | |a Solomon, Eldra Pearl |e author |9 470684 | |
| 700 | 0 | |a Berg, Linda R |e author |9 470685 | |
| 700 | 0 | |a Martin, Diana W |e author |9 470686 | |
| 700 | 0 | |a Villee, Claude |e author |9 470687 | |
| 245 | 1 | 0 | |a Biología de Villee |
| 250 | |a 4a. ed | ||
| 300 | |a 1305 p | ||
| 942 | |c BK | ||
| 945 | |d 20020726 00:00:00 |a cmena | ||
| 260 | |a Ciudad de México |b McGraw-Hill Interamericana |c 1998 | ||
| 650 | 0 | |a Biología |9 262022 | |
| 650 | 0 | |a Genética |9 259443 | |
| 650 | 0 | |a Evolución |9 259442 | |
| 650 | 0 | |a Energía |9 259431 | |
| 650 | 0 | |a Células |9 269548 | |
| 650 | 0 | |a Ecología |9 258124 | |
| 583 | |a last modification |c 20020726 00:00:00 |k Rodrigo Vera | ||
| 999 | |c 301012 |d 301010 | ||
| 952 | |0 0 |1 0 |4 0 |6 570_000000000000000_SOL_1998 |7 0 |8 R |9 359540 |a BIBEDU |b BIBEDU |d 2019-11-21 |i 3833283 |o 570 SOL 1998 |p 3833283 |r 2019-11-21 |w 2019-11-21 |y BK_R |k EPE | ||